Държави с точно два цвята на знамето си - Statistics

General Stats
  • This quiz has been taken 254 times
  • The average score is 16 of 37
Answer Stats
Country % Correct
Полша
93%
Украйна
79%
Индонезия
71%
Монако
69%
Япония
61%
Китай
61%
Швеция
60%
Гърция
58%
Дания
56%
Канада
54%
Турция
54%
Австрия
50%
Финландия
50%
Албания
47%
Швейцария
46%
Северна Македония
46%
Перу
43%
Бангладеш
39%
Саудитска Арабия
39%
Латвия
37%
Израел
37%
Казахстан
37%
Сингапур
36%
Грузия
33%
Виетнам
33%
Мароко
33%
Пакистан
33%
Тунис
32%
Катар
30%
Палау
30%
Нигерия
26%
Сомалия
24%
Хондурас
24%
Бахрейн
23%
Киргизстан
20%
Тонга
19%
Микронезия
15%
No matching quizzes found
Score Distribution
Percent of People with Each Score
Percentile by Number Answered
Your Score History
You have not taken this quiz